000 00699nam a2200181Ia 4500
008 090124s9999 xx 000 0 und d
082 _b11470
100 _aधांडे चंद्रकांत
245 _a मराठी नाट्यसमीक्षेचा विकास
250 _a0
260 _bपरिमल प्रकाशन
300 _a353
600 _aधांडे चंद्रकांत
630 _a मराठी नाट्यसमीक्षेचा विकास
700 _aधांडे चंद्रकांत
730 _a मराठी नाट्यसमीक्षेचा विकास
942 _cBOOK
999 _c87006
_d87006